[Event "Ruhrgebiet Bezirksliga 17/18"]
[Site "Ruhrgebiet"]
[Date "2017.11.19"]
[Round "4.1"]
[White "Grube, Frank"]
[Black "Preikschas, Norbert"]
[Result "1/2-1/2"]
[WhiteElo "1843"]
[BlackElo "1751"]
[PlyCount "64"]
[EventDate "2017.09.03"]
[EventType "team-tourn"]
[EventRounds "9"]
[EventCountry "GER"]
[SourceTitle "EXT 2022"]
[Source "ChessBase"]
[SourceDate "2021.10.06"]
[SourceVersion "1"]
[SourceVersionDate "2021.10.06"]
[SourceQuality "1"]
[WhiteTeam "Unna SV"]
[BlackTeam "Hamm Koenigsspringer II"]
[WhiteTeamCountry "GER"]
[BlackTeamCountry "GER"]

1. d4 d5 2. c4 e6 3. e3 Nf6 4. Bd3 Be7 5. Nf3 Nbd7 6. Nbd2 0-0 7. 0-0 c5 8. b3 b6 9. Bb2 Bb7 10. Qc2 Rc8 11. Ne5 g6 12. f4 cxd4 13. exd4 b5 14. c5 a6 15. b4 Nxe5 16. fxe5 Nh5 17. Bc1 Bg5 18. Nf3 Bxc1 19. Qxc1 Bc6 20. Qh6 f5 21. Ng5 Qe7 22. Be2 Qg7 23. Qxg7+ Nxg7 24. h4 h6 25. Nh3 Kh7 26. g3 Ne8 27. Kg2 Nc7 28. Nf4 Be8 29. Bd3 Rg8 30. Ne2 Bc6 31. Nc3 Rb8 32. Kf3 Kg7 1/2-1/2

[Event "Ruhrgebiet Bezirksliga 16/17"]
[Site "Ruhrgebiet"]
[Date "2016.12.11"]
[Round "5.1"]
[White "Preikschas, Norbert"]
[Black "Lampe, Thomas"]
[Result "0-1"]
[WhiteElo "1766"]
[BlackElo "1975"]
[PlyCount "68"]
[EventDate "2016.08.28"]
[EventType "team-tourn"]
[EventRounds "11"]
[EventCountry "GER"]
[SourceTitle "EXT 2022"]
[Source "ChessBase"]
[SourceDate "2021.10.06"]
[SourceVersion "1"]
[SourceVersionDate "2021.10.06"]
[SourceQuality "1"]
[WhiteTeam "Hamm Koenigsspringer II"]
[BlackTeam "Werl SC 1981"]
[WhiteTeamCountry "GER"]
[BlackTeamCountry "GER"]

1. e4 c5 2. c4 Nc6 3. g3 g6 4. Bg2 Bg7 5. Ne2 d6 6. 0-0 Be6 7. d3 Qc8 8. Nbc3 Bh3 9. Rb1 Bxg2 10. Kxg2 h5 11. h4 Nf6 12. b3 Ng4 13. Bb2 e5 14. Nd5 f5 15. f3 Nf6 16. Nec3 0-0 17. Nxf6+ Rxf6 18. Bc1 Qd7 19. Bg5 Rf7 20. Rb2 Raf8 21. Rbf2 f4 22. Nd5 Nd4 23. gxf4 exf4 24. Kh2 Ne6 25. Rg2 Kh7 26. Qd2 Bd4 27. Rb1 Nc7 28. Nc3 Qe6 29. Ne2 Be3 30. Qa5 a6 31. Nxf4 Qe5 32. Kh1 Bxf4 33. Rbg1 Ne6 34. Bxf4 Qxf4 0-1

[Event "Ruhrgebiet Bezirksliga 16/17"]
[Site "Ruhrgebiet"]
[Date "2016.11.13"]
[Round "4.1"]
[White "Karmainski, Andreas"]
[Black "Preikschas, Norbert"]
[Result "1-0"]
[WhiteElo "2102"]
[BlackElo "1766"]
[PlyCount "67"]
[EventDate "2016.08.28"]
[EventType "team-tourn"]
[EventRounds "11"]
[EventCountry "GER"]
[SourceTitle "EXT 2022"]
[Source "ChessBase"]
[SourceDate "2021.10.06"]
[SourceVersion "1"]
[SourceVersionDate "2021.10.06"]
[SourceQuality "1"]
[WhiteTeam "Wickede SK"]
[BlackTeam "Hamm Koenigsspringer II"]
[WhiteTeamCountry "GER"]
[BlackTeamCountry "GER"]

1. e4 e5 2. Nf3 d6 3. d4 Nf6 4. Nc3 Nbd7 5. Bc4 Be7 6. 0-0 0-0 7. Qe2 c6 8. a4 b6 9. Bb3 Bb7 10. Re1 Rc8 11. Bd2 h6 12. Rad1 Qc7 13. dxe5 dxe5 14. Nh4 Nc5 15. Bc4 Rfe8 16. Nf5 Bf8 17. Qf3 Ba6 18. Bxa6 Nxa6 19. Nxh6+ gxh6 20. Qxf6 Re6 21. Qf5 Nb4 22. Re3 Rd8 23. Rg3+ Kh8 24. h4 Bg7 25. Bc1 Rxd1+ 26. Nxd1 Nxc2 27. h5 Rd6 28. Qg4 f6 29. Bxh6 Rd7 30. Nc3 Nd4 31. Be3 f5 32. exf5 Qd8 33. Bg5 Qg8 34. h6 1-0

[Event "Ruhrgebiet Bezirksliga 15/16"]
[Site "Ruhrgebiet"]
[Date "2016.01.10"]
[Round "6.1"]
[White "Preikschas, Norbert"]
[Black "Grube, Frank"]
[Result "1/2-1/2"]
[WhiteElo "1765"]
[BlackElo "1858"]
[PlyCount "33"]
[EventDate "2015.08.30"]
[EventType "team-tourn"]
[EventRounds "9"]
[EventCountry "GER"]
[SourceTitle "EXT 2022"]
[Source "ChessBase"]
[SourceDate "2021.10.06"]
[SourceVersion "1"]
[SourceVersionDate "2021.10.06"]
[SourceQuality "1"]
[WhiteTeam "Hamm Koenigsspringer II"]
[BlackTeam "Unna SV"]
[WhiteTeamCountry "GER"]
[BlackTeamCountry "GER"]

1. e4 c5 2. c4 e6 3. Nc3 Nc6 4. g3 g6 5. Bg2 Bg7 6. Nge2 Nge7 7. d3 0-0 8. Rb1 b6 9. a3 Bb7 10. 0-0 Nd4 11. Nxd4 cxd4 12. Ne2 d5 13. exd5 exd5 14. Nf4 Qd7 15. Qf3 Rad8 16. Bd2 Ba8 17. cxd5 1/2-1/2

[Event "Ruhrgebiet Regionalliga 1213"]
[Site "Nordrheinwestfalen"]
[Date "2013.01.27"]
[Round "5.8"]
[White "Preikschas, Norbert"]
[Black "Neumann, Carsten"]
[Result "1-0"]
[WhiteElo "1723"]
[BlackElo "2057"]
[PlyCount "63"]
[EventDate "2012.09.09"]
[EventType "team-tourn"]
[EventRounds "9"]
[EventCountry "GER"]
[SourceTitle "EXT 2020"]
[Source "ChessBase"]
[SourceDate "2019.10.17"]
[SourceVersion "1"]
[SourceVersionDate "2019.10.17"]
[SourceQuality "1"]
[WhiteTeam "Koenigsspringer Hamm"]
[BlackTeam "Kamen SV"]
[WhiteTeamCountry "GER"]
[BlackTeamCountry "GER"]

1. e4 d6 2. d4 g6 3. Nf3 Bg7 4. Bc4 a6 5. 0-0 e6 6. c3 Ne7 7. Bf4 0-0 8. e5 dxe5 9. Nxe5 Nd5 10. Bg3 Nd7 11. Nd2 N7f6 12. Qf3 Nh5 13. Ne4 f5 14. Nc5 f4 15. Bh4 Qxh4 16. Bxd5 exd5 17. Qxd5+ Kh8 18. Nf7+ Rxf7 19. Qxf7 Bf5 20. Rae1 h6 21. Qxc7 f3 22. Qxb7 Rf8 23. Qxf3 Bg4 24. Qc6 Bf3 25. gxf3 Nf4 26. Ne6 Nh3+ 27. Kg2 Rf6 28. Qc8+ Kh7 29. Nxg7 Nf4+ 30. Kh1 Rf8 31. Qxf8 Qh3 32. Qxf4 1-0